Liezi zhu : 2 juan /

Saved in:
Bibliographic Details
Main Author: Lu, Zhongxuan.
Format: Book
Language:Chinese
Published: Taibei Xian Banqiao : Yi wen yin shu guan, Min guo 60 [1971]
Series:Wu qiu bei zhai Liezi ji cheng ; 3.
Subjects:
Tags: Add Tag
No Tags, Be the first to tag this record!
LEADER 01013cam a2200277ui 4500
001 007725772-3
005 20024617112705.0
008 980303r1971uuuuch 000 0 chi d
035 0 |a ocm38536296 
040 |a *YNH*  |c *YNH*  |d CStRLIN 
100 1 |6 880-01  |a Lu, Zhongxuan. 
245 1 0 |6 880-02  |a Liezi zhu :  |b 2 juan /  |c Lu Zhongxuan. 
260 |6 880-03  |a Taibei Xian Banqiao :  |b Yi wen yin shu guan,  |c Min guo 60 [1971] 
300 |a 1 v. ;  |c 20 cm. 
490 1 |6 880-04  |a Wu qiu bei zhai Liezi ji cheng ;  |v 3 
500 |a Reprint. 
600 0 0 |6 880-05  |a Liezi,  |d active 4th century B.C.  |t Liezi. 
880 1 |6 100-01  |a 廬重玄. 
880 1 0 |6 245-02  |a 列子注 :  |b 2卷 /  |c 廬重玄. 
880 |6 260-03  |a 臺北縣板橋 :  |b 藝文印書館,  |c 民國60 [1971] 
880 1 |6 490-04  |a 無求備齋列子集成 ;  |v 3 
880 0 0 |6 600-05  |a 列子,  |d active 4th century B.C.  |t 列子. 
830 0 |6 880-54  |a Wu qiu bei zhai Liezi ji cheng ;  |v 3. 
880 0 |6 830-54  |a 無求備齋列子集成 ;  |v 3. 
988 |a 20021121 
906 |0 MH